|
|
|
|
| LEADER |
01771nam a2200433 i 4500 |
| 001 |
EBC4837506 |
| 003 |
MiAaPQ |
| 005 |
20200520144314.0 |
| 006 |
m o d | |
| 007 |
cr cnu|||||||| |
| 008 |
170426t20172017enk o 001 0 eng d |
| 020 |
|
|
|z 9781119287391
|
| 020 |
|
|
|a 9781119287414
|q (electronic bk.)
|
| 035 |
|
|
|a (MiAaPQ)EBC4837506
|
| 035 |
|
|
|a (Au-PeEL)EBL4837506
|
| 035 |
|
|
|a (CaPaEBR)ebr11370991
|
| 035 |
|
|
|a (CaONFJC)MIL1005546
|
| 035 |
|
|
|a (OCoLC)982389191
|
| 040 |
|
|
|a MiAaPQ
|b eng
|e rda
|e pn
|c MiAaPQ
|d MiAaPQ
|
| 043 |
|
|
|a e-uk---
|
| 050 |
|
4 |
|a HC260.I53
|b .J664 2017
|
| 082 |
0 |
|
|a 650
|2 23
|
| 100 |
1 |
|
|a Jones, Lord Digby,
|e author.
|
| 245 |
1 |
0 |
|a Fixing business :
|b making profitable business work for the good of all /
|c Lord Digby Jones.
|
| 264 |
|
1 |
|a Chichester, [England] :
|b Wiley,
|c 2017.
|
| 264 |
|
4 |
|c 2017
|
| 300 |
|
|
|a 1 online resource (211 pages)
|
| 336 |
|
|
|a text
|2 rdacontent
|
| 337 |
|
|
|a computer
|2 rdamedia
|
| 338 |
|
|
|a online resource
|2 rdacarrier
|
| 500 |
|
|
|a Includes index.
|
| 588 |
|
|
|a Description based on online resource; title from PDF title page (ebrary, viewed April 25, 2017).
|
| 590 |
|
|
|a Electronic reproduction. Ann Arbor, MI : ProQuest, 2016. Available via World Wide Web. Access may be limited to ProQuest affiliated libraries.
|
| 650 |
|
0 |
|a Business enterprises
|z Great Britain.
|
| 651 |
|
0 |
|a Great Britain
|x Economic conditions
|y 1997-
|
| 655 |
|
4 |
|a Electronic books.
|
| 776 |
0 |
8 |
|i Print version:
|a Jones, Lord Digby.
|t Fixing business : making profitable business work for the good of all.
|d Chichester, [England] : Wiley, c2017
|h viii, 200 pages
|z 9781119287391
|
| 797 |
2 |
|
|a ProQuest (Firm)
|
| 856 |
4 |
0 |
|u https://ebookcentral.proquest.com/lib/matrademy/detail.action?docID=4837506
|z Click to View
|